000 003290000a22001450004500
003 MACL
040 _aMACL
090 _c2591
_d2591
100 _aSingh, Gyani Brahma
245 _aHazrat Mian Mir And The Sufi Tradition
260 _aPatiala
_bPunjabi University
_c1994
350 _a80
650 _aReligion
942 _cBOOK
_k200
999 _c2572
_d2572